Men who fought for freedom / (Record no. 7818)
[ view plain ]
| 000 -LEADER | |
|---|---|
| fixed length control field | 00708cam a22002531 4500 |
| 001 - CONTROL NUMBER | |
| JCCL Control Number | 7818 |
| 003 - CONTROL NUMBER IDENTIFIER | |
| JCCL marc code | BD-JhCC |
| 005 - DATE AND TIME OF LATEST TRANSACTION | |
| control field | 20181006182228.0 |
| 008 - FIXED-LENGTH DATA ELEMENTS--GENERAL INFORMATION | |
| fixed length control field | 780714s1958 enka j 000 0ceng |
| 035 ## - SYSTEM CONTROL NUMBER | |
| system control number | (BD-JhCC)7818 |
| 035 ## - SYSTEM CONTROL NUMBER | |
| system control number | (OCoLC)4054683 |
| 040 ## - CATALOGING SOURCE | |
| Original cataloging agency | DLC |
| Transcribing agency | OCo |
| Modifying agency | OCoLC |
| -- | Uk |
| -- | DLC |
| -- | BD-JhCC |
| 041 ## - LANGUAGE CODE | |
| Language code of Book | eng |
| 050 00 - LIBRARY OF CONGRESS CALL NUMBER | |
| Classification number | CT107 |
| Item number | .L47 1958 |
| 082 ## - DEWEY DECIMAL CLASSIFICATION NUMBER | |
| Classification number | 920 |
| Author mark and Year | LAR 1958 |
| 100 1# - MAIN ENTRY--PERSONAL NAME | |
| Personal name | Larsen, Egon, |
| Dates associated with a name | 1904- |
| 245 10 - TITLE STATEMENT | |
| Title | Men who fought for freedom / |
| Statement of responsibility, etc | [by] Egon Larsen [pseud.] |
| 260 ## - PUBLICATION, DISTRIBUTION, ETC. (IMPRINT) | |
| Place of publication, distribution, etc | London, |
| Name of publisher, distributor, etc | Phoenix House; |
| Place of publication, distribution, etc | New York, |
| Name of publisher, distributor, etc | Roy Publishers |
| Date of publication, distribution, etc | [1958] |
| 300 ## - PHYSICAL DESCRIPTION | |
| Pagination | 191 p. |
| Other physical details | illus. |
| Dimensions | 23 cm. |
| 650 #0 - SUBJECT ADDED ENTRY--TOPICAL TERM | |
| Topical term or geographic name as entry element | Biography |
| Form subdivision | Juvenile literature. |
| 650 #0 - SUBJECT ADDED ENTRY--TOPICAL TERM | |
| Topical term or geographic name as entry element | Liberty. |
| 942 ## - ADDED ENTRY ELEMENTS (KOHA) | |
| Source of classification or shelving scheme | Dewey Decimal Classification |
| Koha item type | Books |
| Source of classification or shelving scheme | Damaged status | Not for loan | Home library | Current library | Shelving location | Total Checkouts | Full call number | Barcode | Date last seen | Copy number | Koha item type |
|---|---|---|---|---|---|---|---|---|---|---|---|
| Dewey Decimal Classification | JCC Rouf Library | JCC Rouf Library | General Stacks | 920 LAR 1958 | 9264 | 02/14/2018 | C - 1 | Books |